000 00766cam a22002052 b4500
020 _a0784405212 (Trade Paper)
020 _a9780784405215
082 0 0 _a624.51
_bNAZ
_cN-01, P-97
100 1 _aNazarian, Soheil
_943442
110 2 _aGeo-Denver 2000 Staff
_943443
245 1 0 _aUse of Geophysical Methods in Construction
_bProceedings of Sessions of Geo-denver 2000 : August 5-8, 2000, Denver, Colorado
260 _aReston :
_bAmerican Society of Civil Engineers
_cJune 2000
520 8 _aAnnotation
526 _a0
_b0
_c0
_d624_510000000000000_NAZ
650 _aNUST
_96342
700 1 _aDiehl,John
_943444
710 1 _aAmerican Society of Civil Engineers Staff.
_943445
856 4 0 _uhttp://www.columbia.edu/cgi-bin/cul/resolve?clio9546403
942 _2ddc
_cBK
999 _c547252
_d547252